| 000 | 01403cam a22003737a 4500 | ||
|---|---|---|---|
| 999 |
_c332223 _d332223 |
||
| 001 | 13361762 | ||
| 003 | NUST | ||
| 005 | 20171120121907.0 | ||
| 008 | 031003s2002 enkabc b 001 0 eng d | ||
| 010 | _a 2003278365 | ||
| 015 | _aGB99-X0852 | ||
| 020 | _a0340741465 | ||
| 020 | _a0340691670 (pbk.) | ||
| 035 | _a(DLC)13361762 | ||
| 040 |
_a*UKM* _c*UKM* _dMiYEM _dCU _dCStRLIN _dDLC |
||
| 042 | _alccopycat | ||
| 050 | 0 | 0 |
_aTD420 _b.S63 2002 |
| 082 | 0 | 0 |
_a628.5 SMO _222 |
| 100 | 1 |
_aSmol, J. P. _q(John P.) _96559 |
|
| 245 | 1 | 0 |
_aPollution of lakes and rivers : _ba paleoenvironmental perspective / _cJohn P. Smol. |
| 260 |
_aLondon : _bArnold ; _aNew York : _bOxford University Press, _c2002. |
||
| 300 |
_axxiv, 280 p. : _bill., maps, 1 port. ; _c26 cm. |
||
| 440 | 0 |
_aKey issues in environmental change _96560 |
|
| 500 | _aP.B | ||
| 504 | _aIncludes bibliographical references (p. [252]-269) and index. | ||
| 650 | 0 |
_aWater _xPollution. _92539 |
|
| 650 | 0 |
_aLakes. _96561 |
|
| 650 | 0 |
_aRivers. _92163 |
|
| 650 | 0 |
_aPaleolimnology. _96562 |
|
| 650 | 0 |
_aSediments (Geology) _96563 |
|
| 856 | 4 | 2 |
_3Publisher description _uhttp://www.loc.gov/catdir/enhancements/fy0615/2003278365-d.html |
| 906 |
_a7 _bcbc _ccopycat _d2 _encip _f20 _gy-gencatlg |
||
| 942 |
_2ddc _cBK _kIESE |
||